Statistics for Countries Whose First Letter Appears The Most

Click here to take the quiz!

General Stats

  • This quiz has been taken 32 times
    (17 since last reset)
  • The average score is 8 of 14

Answer Stats

ContinentCountry% Correct
OceaniaAustralia
75%
AsiaAfghanistan
69%
AsiaIndia
69%
AsiaArmenia
63%
South AmericaUruguay
63%
EuropeAlbania
56%
North AmericaAntigua and Barbuda
56%
AsiaAzerbaijan
56%
AfricaAlgeria
50%
AfricaAngola
50%
AsiaGeorgia
50%
EuropeAustria
44%
AfricaMozambique
31%
EuropeCzech Republic
25%

Score Distribution

Percentile by Number Answered

Percent of People with Each Score

Your Score History

You have not taken this quiz since the last reset